|
|
|
|
| LEADER |
00000nac a22000007a 4500 |
| 003 |
Ucuenca |
| 005 |
20230308225904.0 |
| 008 |
180504b1995 sp ||||| |||| 00| 0 spa d |
| 999 |
|
|
|c 154425
|d 154425
|
| 020 |
|
|
|a 84-413-0004-6
|
| 020 |
|
|
|a 84-413-0000-3
|
| 040 |
|
|
|b spa
|a UCuenca-cdrjbv
|c UCuenca
|e rda
|
| 041 |
|
|
|a spa
|
| 082 |
0 |
|
|a 940.54
|
| 100 |
1 |
|
|9 223559
|a Elson, Robert T.
|
| 245 |
|
3 |
|a El Preludio de la Guerra I
|c Robert T. Elson, Daniel Laks traductor
|
| 264 |
|
|
|a Barcelona
|b Folio
|c 1995
|
| 300 |
|
|
|a 103 páginas:
|b ilu
|c 30 cm
|
| 336 |
|
|
|2 rdacontent
|a texto
|b txt
|
| 337 |
|
|
|2 rdamedia
|a no mediado
|b n
|
| 338 |
|
|
|2 rdacarrier
|a volumen
|b nc
|
| 490 |
|
|
|a La Segunda Guerra Mundial
|n no.1
|
| 505 |
0 |
|
|a Una paz sobre la cuerda floja.-- El espectro soviético.-- Una nueva casta de césares.
|
| 650 |
|
0 |
|9 40771
|a Guerra mundial
|
| 650 |
|
0 |
|9 78985
|a Preludios
|
| 650 |
|
0 |
|9 223568
|a Espectro sovietico
|
| 942 |
|
|
|c CR
|z patricia.tenesaca@ucuenca.edu.ec
|2 ddc
|